[Event "WY Boys-U16"]
[Site "Porto Carras GRE"]
[Date "2010.10.21"]
[Round "2.7"]
[White "Dragun, Kamil"]
[Black "Draskovic, Luka"]
[Result "1-0"]
[WhiteTitle "FM"]
[WhiteElo "2392"]
[BlackElo "2172"]
[WhiteFideId "1134167"]
[BlackFideId "944335"]
[EventDate "2010.10.20"]

1. e4 c5 2. Nf3 d6 3. d4 cxd4 4. Nxd4 Nf6 5. Nc3 Nc6 6. Bg5 e6 7. Qd2 Be7 8.
O-O-O Nxd4 9. Qxd4 O-O 10. f4 Qa5 11. e5 dxe5 12. Qxe5 Qxe5 13. fxe5 Nd5 14.
Bxe7 Nxe7 15. Bd3 b6 16. Be4 Rb8 17. Rhe1 b5 18. a3 a5 19. b3 Bb7 20. Rd7 Bxe4
21. Rxe4 Ng6 22. Kb2 Rfc8 23. Ra7 b4 24. axb4 axb4 25. Na2 Rb5 26. Nxb4 Nxe5 27.
Rxe5 Rxb4 28. Rc5 Rd8 29. Rd7 Re8 30. Kc3 Rf4 31. b4 h6 32. b5 Rb8 33. Rd4 Rf2
34. Rb4 Rxg2 35. b6 Rg5 36. Rxg5 hxg5 37. Kd4 Kf8 38. b7 Ke7 39. Kc5 f5 40. Kb6
f4 41. c4 f3 42. c5 f2 43. Rb1 Rf8 44. Rf1 1-0

[Event "WY Boys-U16"]
[Site "Porto Carras GRE"]
[Date "2010.10.21"]
[Round "2.9"]
[White "Makhmutov, Rail"]
[Black "Savitskiy, Sergey"]
[Result "1/2-1/2"]
[WhiteElo "2156"]
[BlackElo "2373"]
[WhiteFideId "4122151"]
[BlackFideId "24105660"]
[EventDate "2010.10.20"]

1. e4 c5 2. Nf3 d6 3. c3 Nf6 4. Be2 g6 5. O-O Bg7 6. Re1 O-O 7. Bf1 Nc6 8. h3 e5
9. a4 Re8 10. Na3 h6 11. d3 d5 12. exd5 Nxd5 13. Nc4 b6 14. Bd2 Bb7 15. Qb3 a6
16. g3 Rb8 17. Bg2 Ba8 18. Nh2 Nc7 19. Qc2 b5 20. axb5 axb5 21. Rxa8 Nxa8 22.
Bxc6 bxc4 23. Bxe8 cxd3 24. Qb1 Qxe8 25. Qxd3 Rxb2 26. Ng4 h5 27. Nxe5 Bxe5 28.
f4 Nc7 29. Rxe5 Ne6 30. Be1 Qa8 31. Re2 Rxe2 32. Qxe2 h4 33. Qe3 hxg3 34. Bxg3
Qd5 35. Bh4 Qf5 36. Bg3 Qxh3 37. Kf2 Qf5 38. Ke2 Qd5 39. Kf2 Qf5 40. Ke2 c4 41.
Kd1 Nc5 42. Qe8+ Kh7 43. Qe3 Qb1+ 44. Ke2 Ne4 45. Be1 Qc2+ 46. Kf3 f5 47. Qa7+
Kg8 48. Qb8+ Kg7 49. Qe5+ Kf8 50. Qb8+ Kf7 51. Qc7+ Kf8 52. Qd8+ Kf7 1/2-1/2

[Event "WY Boys-U16"]
[Site "Porto Carras GRE"]
[Date "2010.10.21"]
[Round "2.10"]
[White "Petrovski, Igor"]
[Black "Krzyzanowski, Marcin"]
[Result "0-1"]
[WhiteElo "2152"]
[BlackElo "2356"]
[WhiteFideId "15000249"]
[BlackFideId "1132199"]
[EventDate "2010.10.20"]

1. e4 c5 2. Nf3 Nf6 3. Nc3 d6 4. Bb5+ Bd7 5. Qe2 a6 6. Bxd7+ Qxd7 7. Nd5 Nxd5 8.
exd5 Qf5 9. c4 g5 10. d3 Rg8 11. Rb1 Nd7 12. h3 h5 13. Bd2 b5 14. Rc1 g4 15. Nh4
Qh7 16. Bf4 Bh6 17. Bxh6 Qxh6 18. Kd1 Ne5 19. cxb5 Qf6 20. hxg4 Rxg4 21. g3 Nxd3
22. Rc2 Rd4 23. Nf3 Nxf2+ 24. Kc1 Nxh1 25. Nxd4 Qxd4 0-1

[Event "WY Boys-U16"]
[Site "Porto Carras GRE"]
[Date "2010.10.21"]
[Round "2.11"]
[White "Sadzikowski, Daniel"]
[Black "Volkov, Nika"]
[Result "1-0"]
[WhiteElo "2351"]
[BlackElo "2159"]
[WhiteFideId "1132253"]
[BlackFideId "13604376"]
[EventDate "2010.10.20"]

1. e4 c5 2. Nf3 d6 3. d4 cxd4 4. Nxd4 Nf6 5. Nc3 Nc6 6. Bg5 e6 7. Qd2 Be7 8.
O-O-O O-O 9. f3 a6 10. h4 Nxd4 11. Qxd4 Qa5 12. Kb1 b5 13. e5 dxe5 14. Qxe5 Bb7
15. Bd3 Rac8 16. Ne4 Bxe4 17. Bxe4 Rfd8 18. Rxd8+ Qxd8 19. Bd3 Nd5 20. Rd1 Bf6
21. Bxf6 Qxf6 22. Qxf6 gxf6 23. Be4 Nb6 24. Rd6 Rb8 25. g4 Kg7 26. h5 a5 27. b3
b4 28. Kb2 h6 29. a4 f5 30. gxf5 Kf6 31. fxe6 fxe6 32. Rc6 Nd7 33. Ra6 Ke5 34.
Rxa5+ Kd4 35. Ra6 Nc5 36. Rd6+ Ke5 37. Rc6 Nd7 38. c3 bxc3+ 39. Kxc3 Nf6 40. a5
Nxh5 41. Rc5+ 1-0

[Event "WY Boys-U16"]
[Site "Porto Carras GRE"]
[Date "2010.10.21"]
[Round "2.12"]
[White "Muskardin, Mario"]
[Black "Tilicheev, Viacheslav"]
[Result "1-0"]
[BlackTitle "FM"]
[WhiteElo "2138"]
[BlackElo "2343"]
[WhiteFideId "14518180"]
[BlackFideId "24114928"]
[EventDate "2010.10.20"]

1. c4 Nf6 2. g3 e6 3. Bg2 d5 4. cxd5 exd5 5. Nf3 b6 6. O-O Bd6 7. Nc3 O-O 8. d3
Bb7 9. Re1 Re8 10. Qc2 c5 11. e4 d4 12. Nb5 Bf8 13. Bg5 Nbd7 14. a4 a6 15. Na3
h6 16. Bd2 Rc8 17. b3 g6 18. Nh4 Bg7 19. Nc4 Ne5 20. f4 Nxc4 21. bxc4 Nxe4 22.
dxe4 d3 23. Qa2 Bxa1 24. Qxa1 Qd4+ 25. Qxd4 cxd4 26. e5 Bxg2 27. Kxg2 Rxc4 28.
Kf3 Rxa4 29. Ke4 Rc8 30. g4 Rc2 31. Nf3 b5 32. f5 Raa2 33. Kxd3 Rc8 34. Nxd4 Rd8
35. Re4 Ra3+ 36. Ke2 Rh3 37. e6 Rxh2+ 38. Kd3 fxe6 39. fxe6 Rh3+ 40. Be3 b4 41.
Kc4 Rb8 42. Nc6 Rc8 43. Kd5 Re8 44. Nxb4 a5 45. Nc6 a4 46. Kd6 a3 47. Kd7 a2 48.
Bd4 Ra8 49. e7 Rd3 50. e8=Q+ 1-0

[Event "WY Boys-U16"]
[Site "Porto Carras GRE"]
[Date "2010.10.21"]
[Round "2.13"]
[White "Neves, Pedro"]
[Black "Borisenko, Vjacheslav"]
[Result "1-0"]
[WhiteElo "2134"]
[BlackElo "2321"]
[WhiteFideId "1905554"]
[BlackFideId "14115824"]
[EventDate "2010.10.20"]

1. g3 Nf6 2. Bg2 d5 3. d3 c6 4. Nd2 Bg4 5. h3 Bh5 6. f4 Qb6 7. Ngf3 e6 8. e4
Qe3+ 9. Qe2 Qxe2+ 10. Kxe2 Bg6 11. Nh4 Be7 12. c3 Nbd7 13. e5 Ng8 14. Ndf3 Nf8
15. Be3 f6 16. exf6 gxf6 17. Nxg6 hxg6 18. h4 Nh6 19. Bh3 Nf5 20. Bf2 Bd6 21. h5
Ne7 22. Bd4 Rxh5 23. Bxf6 Ng8 24. Be5 Kd7 25. Bg4 Rxh1 26. Rxh1 Ne7 27. Rh8 Re8
28. Kf2 Nf5 29. Bxd6 Kxd6 30. Ne5 Ke7 31. Bxf5 exf5 32. Rg8 Ne6 33. Nxg6+ Kf7
34. Rxe8 Kxe8 35. Nh4 Ng7 36. Kf3 Kf7 37. g4 fxg4+ 38. Kxg4 Kf6 39. d4 a5 40. b3
b6 41. Nf3 Nf5 42. Ne5 Ne3+ 43. Kf3 Nd1 44. c4 dxc4 45. Nxc4 c5 46. dxc5 bxc5
47. Nxa5 Nc3 48. a4 Kf5 49. Nb7 Ne4 50. Ke3 1-0

[Event "WY Boys-U16"]
[Site "Porto Carras GRE"]
[Date "2010.10.21"]
[Round "2.14"]
[White "Zhou, Yang-Fan"]
[Black "Zavarce, Oscar Enrique"]
[Result "1-0"]
[WhiteTitle "FM"]
[BlackTitle "FM"]
[WhiteElo "2320"]
[BlackElo "2149"]
[WhiteFideId "468584"]
[BlackFideId "3902501"]
[EventDate "2010.10.20"]

1. e4 c5 2. Nf3 e6 3. b3 b6 4. Bb2 Bb7 5. Nc3 d6 6. d4 cxd4 7. Nxd4 a6 8. Bc4
Nc6 9. Nxc6 Bxc6 10. Qe2 b5 11. Bd5 Ne7 12. Bxc6+ Nxc6 13. O-O-O Be7 14. f4 Qc7
15. Kb1 Bf6 16. e5 dxe5 17. Ne4 Be7 18. fxe5 O-O 19. Nf6+ Kh8 20. Rd3 gxf6 21.
Rh3 fxe5 22. Qh5 Bh4 23. Qxh4 f6 24. Rf1 Qe7 25. Qe4 Rac8 26. Rh6 Rc7 27. Qh4
Rf7 28. Rhxf6 Rc8 29. g4 Rxf6 30. Qxf6+ Qxf6 31. Rxf6 Re8 32. Kc1 Kg7 33. g5 a5
34. Kd2 Rd8+ 35. Ke3 Nb4 36. Bxe5 Nxc2+ 37. Ke4 Kg8 38. Rxe6 Rd7 39. Ra6 a4 40.
bxa4 bxa4 41. Rxa4 Rd2 42. Ra7 Re2+ 43. Kf5 Nb4 44. Rg7+ Kf8 45. Rxh7 Nc6 46.
Rh8+ Ke7 47. Bf6+ Kd7 48. h4 Rxa2 49. h5 Ra5+ 50. Kg6 Ra6 51. h6 Ne5+ 52. Kf5
Nf7 53. Rh7 Ke8 54. Rxf7 1-0

[Event "WY Boys-U16"]
[Site "Porto Carras GRE"]
[Date "2010.10.21"]
[Round "2.15"]
[White "Hosseinipour, Mehdi"]
[Black "Stegariu, Vlad-Ionut"]
[Result "0-1"]
[WhiteTitle "FM"]
[WhiteElo "2304"]
[BlackElo "2143"]
[WhiteFideId "12506850"]
[BlackFideId "1217860"]
[EventDate "2010.10.20"]

1. e4 c5 2. Nf3 e6 3. d4 cxd4 4. Nxd4 a6 5. Bd3 Bc5 6. Nb3 Be7 7. c4 Qc7 8. Nc3
d6 9. Be3 Nd7 10. O-O Ngf6 11. Rc1 b6 12. Nd4 Bb7 13. f3 Rc8 14. b4 O-O 15. Nb3
Qb8 16. a3 Rfe8 17. Qd2 Bd8 18. Kh1 Ne5 19. Na4 Nxd3 20. Qxd3 Nd7 21. Bf4 Ne5
22. Bxe5 dxe5 23. Rfd1 Qa8 24. Qe3 Qa7 25. Rd7 Bc7 26. Na5 Ba8 27. Rd2 Qb8 28.
Nb3 f5 29. exf5 e4 30. Rd7 exf3 31. f6 fxg2+ 32. Kg1 Bxh2+ 33. Kf2 Rf8 34. Rxg7+
Kh8 35. Qg5 Qf4+ 36. Qxf4 Bxf4 37. Rc2 Rxf6 38. Rxg2 Bxg2 39. Kxg2 Rg8+ 40. Kf2
Bc1+ 41. Ke1 Rg1+ 42. Ke2 Rg2+ 0-1

[Event "WY Boys-U16"]
[Site "Porto Carras GRE"]
[Date "2010.10.21"]
[Round "2.16"]
[White "Donskov, Anatoly"]
[Black "Kosmas-Lekkas, Dimitiros"]
[Result "1/2-1/2"]
[WhiteElo "2280"]
[BlackElo "2137"]
[WhiteFideId "24143413"]
[BlackFideId "4211936"]
[EventDate "2010.10.20"]

1. e4 c5 2. Nf3 Nc6 3. d4 cxd4 4. Nxd4 Nf6 5. Nc3 e5 6. Ndb5 d6 7. Bg5 a6 8. Na3
b5 9. Nd5 Be7 10. Bxf6 Bxf6 11. c3 Bg5 12. Nc2 O-O 13. a4 bxa4 14. Rxa4 a5 15.
Bc4 Rb8 16. Ra2 Kh8 17. Nce3 g6 18. h4 Bxh4 19. g3 Bf6 20. f4 exf4 21. gxf4 Bg7
22. b3 Re8 23. Qf3 Ne7 24. Rah2 Nxd5 25. Rxh7+ Kg8 26. Bxd5 Qf6 27. Kf2 Qxc3 28.
f5 Qd2+ 29. Kg3 Bxf5 30. Bxf7+ Kxf7 31. Nxf5 Qg5+ 32. Kh2 gxf5 33. Rg1 Qf6 34.
Qh5+ Kf8 35. Rgxg7 Qxg7 36. Qxf5+ Kg8 37. Rxg7+ Kxg7 38. Qd7+ Kf6 39. Qxd6+ Kg5
40. Qg3+ Kf6 41. Qf4+ Ke6 42. Qf5+ Kd6 43. Qd5+ Ke7 44. Kg3 Rg8+ 45. Kf4 Rbf8+
46. Ke3 Rg3+ 47. Ke2 Rg2+ 1/2-1/2

[Event "WY Boys-U16"]
[Site "Porto Carras GRE"]
[Date "2010.10.21"]
[Round "2.17"]
[White "Juhasz, Kristof"]
[Black "Kigel, Dmytro"]
[Result "1-0"]
[BlackTitle "FM"]
[WhiteElo "2268"]
[BlackElo "2131"]
[WhiteFideId "738808"]
[BlackFideId "14117932"]
[EventDate "2010.10.20"]

1. d4 Nf6 2. Nf3 e6 3. e3 b6 4. Bd3 Bb7 5. O-O Be7 6. c4 O-O 7. Nc3 d5 8. cxd5
Nxd5 9. e4 Nxc3 10. bxc3 c5 11. Be3 cxd4 12. cxd4 Nc6 13. Rc1 Rc8 14. Qa4 Nb4
15. Bb1 Rxc1 16. Rxc1 Qa8 17. a3 Na6 18. Ne5 Nb8 19. f3 a6 20. Qb3 Bd8 21. Ba2
Kh8 22. Qb4 Kg8 23. Qd6 Re8 24. Bf4 Bf6 25. Ng4 Be7 26. Qxb6 Nd7 27. Qc7 Nf8 28.
Rb1 Bc6 29. Ne5 Bb5 30. Bc4 Bxc4 31. Nxc4 Ng6 32. Rb8 Qxb8 33. Qxb8 Rxb8 34.
Bxb8 Kf8 35. Kf2 Ke8 36. g3 Kd7 37. Ke3 f6 38. Kd3 Nh8 39. d5 Bc5 40. Bf4 Nf7
41. Be3 exd5 42. exd5 Be7 43. Bf4 Bc5 44. Be3 Be7 45. a4 g6 46. Kd4 Nd6 47. Nxd6
Bxd6 48. Kc4 Ba3 49. Bc5 Bc1 50. Bd4 f5 51. Kc5 Bd2 52. Kb6 Kd6 53. Kxa6 Kxd5
54. Bb6 Kc4 55. a5 Kd3 56. Kb5 Bxa5 57. Bxa5 Ke2 58. f4 Kf2 59. Bd8 h6 60. Bf6
Kg2 61. Bg7 h5 62. Bf6 Kxh2 63. Bh4 Kh3 64. Kc5 g5 65. fxg5 f4 66. gxf4 1-0

[Event "WY Boys-U16"]
[Site "Porto Carras GRE"]
[Date "2010.10.21"]
[Round "2.18"]
[White "Pop, Alexandru"]
[Black "Meskovs, Nikita"]
[Result "0-1"]
[WhiteElo "2116"]
[BlackElo "2263"]
[WhiteFideId "1220837"]
[BlackFideId "11602740"]
[EventDate "2010.10.20"]

1. e4 c5 2. Nc3 e6 3. Nge2 a6 4. g3 b5 5. Bg2 Bb7 6. O-O g6 7. d4 d6 8. Be3 Nd7
9. d5 exd5 10. Nxd5 Ngf6 11. Nxf6+ Nxf6 12. Bg5 Be7 13. e5 Ne4 14. Bxe7 Kxe7 15.
Bxe4 Bxe4 16. Nc3 Bc6 17. exd6+ Kf6 18. b4 Qb6 19. Qd5 Kg7 20. Qe5+ f6 21. Qxc5
Qxc5 22. bxc5 b4 23. Ne2 Rac8 24. Rfe1 Kh6 25. Nd4 Ba4 26. Ne6 Bd7 27. Nc7 a5
28. a3 bxa3 29. Rxa3 a4 30. Re4 Rb8 31. Rexa4 Rb1+ 32. Kg2 Bc6+ 33. f3 Bxa4 34.
Rxa4 Rd1 35. Ne6 Rd2+ 36. Kh3 g5 37. Nd4 Kg6 38. d7 h5 39. c3 Rb8 40. Ra6 Rbb2
41. Rxf6+ Kg7 42. Ne6+ Kxf6 43. d8=Q+ Rxd8 44. Nxd8 Rc2 45. Nb7 Rxc3 46. Nd6 Rc2
47. g4 h4 48. Ne4+ Kg6 49. c6 Kh6 50. c7 Kg6 51. c8=Q Rxc8 52. Kg2 Rc2+ 53. Kg1
h3 54. Ng3 Rg2+ 55. Kh1 Rf2 56. Kg1 Rxf3 57. Ne4 Re3 58. Nd2 Re2 59. Nf3 Kf6 60.
Kh1 Re3 0-1

[Event "WY Boys-U16"]
[Site "Porto Carras GRE"]
[Date "2010.10.22"]
[Round "3.1"]
[White "Nasanjargal, Urtnasan"]
[Black "Abasov, Nijat Azad Oglu"]
[Result "1/2-1/2"]
[BlackTitle "IM"]
[WhiteElo "2230"]
[BlackElo "2517"]
[WhiteFideId "4900774"]
[BlackFideId "13402960"]
[EventDate "2010.10.20"]

1. e4 Nf6 2. e5 Nd5 3. d4 d6 4. Nf3 Bg4 5. h3 Bh5 6. Be2 e6 7. O-O Be7 8. c4 Nb6
9. Nc3 O-O 10. Be3 N8d7 11. exd6 cxd6 12. b3 Rc8 13. Rc1 Bg6 14. Qd2 Nf6 15.
Rfd1 Ne4 16. Nxe4 Bxe4 17. Bg5 h6 18. Bxe7 Qxe7 19. Qe3 Bxf3 1/2-1/2

[Event "WY Boys-U16"]
[Site "Porto Carras GRE"]
[Date "2010.10.22"]
[Round "3.2"]
[White "Gaehwiler, Gabriel"]
[Black "Lagarde, Maxime"]
[Result "0-1"]
[BlackTitle "FM"]
[WhiteElo "2228"]
[BlackElo "2433"]
[WhiteFideId "1314530"]
[BlackFideId "662399"]
[EventDate "2010.10.20"]

1. e4 c5 2. Nf3 e6 3. d4 cxd4 4. Nxd4 Nf6 5. Bd3 Nc6 6. Nxc6 bxc6 7. O-O d6 8.
f4 Be7 9. Nc3 O-O 10. Kh1 e5 11. fxe5 dxe5 12. Be3 Be6 13. Qe2 Qa5 14. a3 Qc7
15. Bc4 Bg4 16. Qe1 Bh5 17. Bg1 Bg6 18. b3 Kh8 19. Bd3 Bd6 20. Na4 Qe7 21. b4
Nh5 22. g3 Nf6 23. Nb2 Rfd8 24. Nc4 Qe6 25. Qe2 Bc7 26. Rfe1 a5 27. bxa5 Nxe4
28. Nb6 Nc3 29. Qd2 Be4+ 30. Rxe4 Nxe4 31. Qg2 Nf6 32. Bc4 Qe8 33. Nxa8 Rxa8 34.
a6 e4 35. Re1 h6 36. a7 c5 37. Bd3 Rxa7 38. Bxe4 Rxa3 39. Bxc5 Ra4 0-1

[Event "WY Boys-U16"]
[Site "Porto Carras GRE"]
[Date "2010.10.22"]
[Round "3.4"]
[White "Ostovic, Matija"]
[Black "Dragun, Kamil"]
[Result "0-1"]
[BlackTitle "FM"]
[WhiteElo "2218"]
[BlackElo "2392"]
[WhiteFideId "14515547"]
[BlackFideId "1134167"]
[EventDate "2010.10.20"]

1. e4 c5 2. Nf3 d6 3. d4 cxd4 4. Nxd4 Nf6 5. Nc3 Nc6 6. Bc4 Qb6 7. Nb3 e6 8. O-O
a6 9. Bd3 Be7 10. Be3 Qc7 11. f4 b5 12. Qf3 Bb7 13. Qh3 Nb4 14. Rae1 Nd7 15. Qg3
Bf6 16. Bd4 Bxd4+ 17. Nxd4 Qb6 18. Qe3 Nc6 19. Nxc6 Qxe3+ 20. Rxe3 Bxc6 21. e5
dxe5 22. fxe5 Ke7 23. Ne4 Bxe4 24. Bxe4 Rac8 25. Bd3 Rc5 26. Rfe1 Rhc8 27. b3
Rc3 28. Kf2 Nc5 29. Kf3 Rd8 30. Rd1 Rd5 31. Rd2 g6 32. Kf4 h6 33. g3 Nd7 34. h4
g5+ 35. hxg5 hxg5+ 36. Kxg5 Nxe5 37. Kf4 f6 38. Be4 Rxe3 39. Kxe3 Ng4+ 40. Ke2
Re5 41. Kf3 f5 42. Re2 Kd6 43. Bb7 a5 44. Rxe5 Nxe5+ 45. Ke3 Ng4+ 46. Kd3 Nf6
47. Ba6 b4 48. c3 bxc3 49. Kxc3 Ne4+ 50. Kc4 Nxg3 51. Kb5 f4 52. Kxa5 f3 53. Kb6
e5 54. a4 e4 55. a5 e3 56. Bf1 e2 57. Bxe2 fxe2 58. a6 e1=Q 59. a7 Qe4 0-1

[Event "WY Boys-U16"]
[Site "Porto Carras GRE"]
[Date "2010.10.22"]
[Round "3.5"]
[White "Krzyzanowski, Marcin"]
[Black "Ten Hertog, Hugo"]
[Result "1-0"]
[WhiteElo "2356"]
[BlackElo "2208"]
[WhiteFideId "1132199"]
[BlackFideId "1026356"]
[EventDate "2010.10.20"]

1. e4 c5 2. Nf3 d6 3. d4 cxd4 4. Nxd4 Nf6 5. Nc3 a6 6. Bg5 e6 7. f4 Nc6 8. Nxc6
bxc6 9. e5 h6 10. Bh4 g5 11. fxg5 Nd5 12. Ne4 hxg5 13. Bxg5 Qa5+ 14. Qd2 Qxd2+
15. Kxd2 dxe5 16. c4 Bb4+ 17. Kc2 Ne7 18. Bf6 Rh6 19. Rd1 Rg6 20. h4 Rg4 21. h5
Rxe4 22. h6 Bd7 23. h7 O-O-O 24. h8=Q Rxh8 25. Rxh8+ Kc7 26. a3 Bd6 27. Rxd6 1-0

[Event "WY Boys-U16"]
[Site "Porto Carras GRE"]
[Date "2010.10.22"]
[Round "3.6"]
[White "Wertjanz, David"]
[Black "Sadzikowski, Daniel"]
[Result "1/2-1/2"]
[WhiteElo "2209"]
[BlackElo "2351"]
[WhiteFideId "1618989"]
[BlackFideId "1132253"]
[EventDate "2010.10.20"]

1. e4 c5 2. Nf3 g6 3. d4 Bg7 4. d5 d6 5. Nc3 Nf6 6. Bb5+ Bd7 7. a4 Na6 8. O-O
Nc7 9. Bc4 O-O 10. Qe2 Bg4 11. h3 Bxf3 12. Qxf3 b6 13. Bf4 Nd7 14. Qg3 a6 15.
Bd2 Rb8 16. f4 b5 17. axb5 axb5 18. Be2 Nb6 19. Nxb5 Nxb5 20. Bxb5 Nxd5 21. exd5
Rxb5 22. Bc3 Bxc3 23. bxc3 c4 24. Rad1 Qb6+ 25. Kh2 Rb2 26. Rf2 Rb1 27. Rxb1
Qxb1 28. Qe3 Qb7 29. Qd4 Rc8 30. Rd2 Qd7 31. Rd1 Qf5 32. Re1 Qxc2 33. Rxe7 Qd3
34. Re4 f5 35. Re1 Qxd4 36. cxd4 c3 37. Rc1 Rc4 38. Kg3 h6 39. Kf3 Rxd4 40. Rxc3
Kf7 41. g4 Kf6 42. Rc7 Rd3+ 43. Kg2 Rxd5 44. Rh7 fxg4 45. hxg4 h5 46. gxh5 Rxh5
47. Rd7 Ke6 48. Rg7 Kf5 49. Rd7 Ke6 50. Rg7 Kf6 51. Rd7 Rd5 52. Kf3 Rd3+ 53. Ke2
Rd4 54. Ke3 Rd1 55. Ke2 Rd5 56. Ke3 Kf5 57. Rf7+ Ke6 58. Rg7 Kf6 59. Rd7 g5 60.
fxg5+ Kxg5 1/2-1/2

[Event "WY Boys-U16"]
[Site "Porto Carras GRE"]
[Date "2010.10.22"]
[Round "3.7"]
[White "Stegariu, Vlad-Ionut"]
[Black "Zhou, Yang-Fan"]
[Result "0-1"]
[BlackTitle "FM"]
[WhiteElo "2143"]
[BlackElo "2320"]
[WhiteFideId "1217860"]
[BlackFideId "468584"]
[EventDate "2010.10.20"]

1. d4 Nf6 2. c4 g6 3. Nc3 Bg7 4. e4 O-O 5. Nf3 d6 6. Be2 Nbd7 7. O-O e5 8. Re1
Re8 9. Bf1 exd4 10. Nxd4 Nc5 11. f3 c6 12. Rb1 Nh5 13. Be3 Be5 14. g3 a5 15. Bg2
Bg7 16. Qd2 a4 17. Red1 Qa5 18. Nce2 Qc7 19. Nf4 Nxf4 20. Bxf4 Be5 21. Be3 h5
22. b4 axb3 23. axb3 h4 24. gxh4 Qe7 25. b4 Ne6 26. f4 Bxd4 27. Bxd4 Nxd4 28.
Qxd4 Qxh4 29. Rd3 Ra2 30. Rf1 Rc2 31. f5 Rxg2+ 32. Kxg2 Rxe4 33. Qxd6 Bxf5 34.
Qd8+ Qxd8 35. Rxd8+ Kg7 36. Rc1 Re2+ 37. Kg3 Rb2 38. c5 Rxb4 39. Rd6 Be6 40. Rc3
Kf6 41. h3 Kg5 42. Rd8 Bd5 43. Rg8 f5 44. h4+ Kf6 45. Re8 Rg4+ 46. Kh3 Bg2+ 47.
Kh2 Bf1 48. h5 gxh5 49. Rf3 Bc4 50. Rf8+ Bf7 51. Rd3 Ke7 52. Rb8 Rb4 53. Rd6 Be6
54. Rh8 Rc4 55. Rh7+ Bf7 56. Rg6 Rg4 57. Rgh6 Rg5 58. Rd6 f4 59. Rd4 Rf5 60. Rb4
Kf6 61. Rxb7 Kg6 62. Rhxf7 Rxf7 63. Rb6 Rf6 64. Kg2 Kf5 65. Rb8 Ke4 66. Rd8 Rf5
67. Re8+ Kd4 0-1

[Event "WY Boys-U16"]
[Site "Porto Carras GRE"]
[Date "2010.10.22"]
[Round "3.8"]
[White "Emiroglu, Cankut"]
[Black "Juhasz, Kristof"]
[Result "1/2-1/2"]
[WhiteElo "2108"]
[BlackElo "2268"]
[WhiteFideId "6306659"]
[BlackFideId "738808"]
[EventDate "2010.10.20"]

1. e4 c6 2. d4 d5 3. Nc3 dxe4 4. Nxe4 Bf5 5. Ng3 Bg6 6. h4 h6 7. Nf3 Nf6 8. Ne5
Bh7 9. Bc4 e6 10. Qe2 Nd5 11. Bd2 Nd7 12. Bd3 Bxd3 13. Nxd3 Qb6 14. c4 Nb4 15.
Nxb4 Bxb4 16. O-O-O Bxd2+ 17. Rxd2 Nf6 18. Nh5 Nxh5 19. Qxh5 Qb4 20. Rc2 O-O 21.
Qe5 Rad8 22. g4 Qd6 23. Qxd6 Rxd6 24. Rd2 b5 25. b3 Rb8 26. Rh3 Rd7 27. Kc2 bxc4
28. bxc4 Rb4 29. Rc3 Rdb7 30. Kd1 Kf8 31. f3 Rb1+ 32. Ke2 g6 33. d5 exd5 34.
cxd5 Re7+ 35. Re3 cxd5 36. Rxd5 1/2-1/2

[Event "WY Boys-U16"]
[Site "Porto Carras GRE"]
[Date "2010.10.22"]
[Round "3.9"]
[White "Meskovs, Nikita"]
[Black "Ben Artzi, Ido"]
[Result "0-1"]
[WhiteElo "2263"]
[BlackElo "2183"]
[WhiteFideId "11602740"]
[BlackFideId "2810913"]
[EventDate "2010.10.20"]

1. d4 Nf6 2. c4 g6 3. Nc3 d5 4. Nf3 Bg7 5. Bg5 Ne4 6. cxd5 Nxg5 7. Nxg5 e6 8.
Nf3 exd5 9. e3 a5 10. Bd3 c6 11. O-O O-O 12. Na4 Nd7 13. Rc1 Re8 14. Re1 Bf8 15.
Qc2 Bd6 16. Nd2 Nf6 17. f3 Bc7 18. Nf1 Qd6 19. a3 Re7 20. Qc5 Qxc5 21. Nxc5 b6
22. Nb3 Bb7 23. a4 Rae8 24. Kf2 Bd6 25. Re2 Nd7 26. g3 Nb8 27. e4 Na6 28. e5 Nb4
29. Rd2 Nxd3+ 30. Rxd3 Bb4 31. f4 c5 32. dxc5 bxc5 33. Nxc5 Rc8 34. Nb3 Rxc1 35.
Nxc1 Rc7 36. Nb3 Rc2+ 37. Nfd2 Rxb2 38. Ke3 Bc6 39. Kd4 Bxa4 40. Kxd5 Bb5 41.
Nc4 Rc2 42. Rd4 a4 43. Nba5 a3 44. Nb3 a2 45. g4 Rc3 46. Na1 Rc1 47. Nb3 Rb1 48.
Ncd2 Bc3 0-1

[Event "WY Boys-U16"]
[Site "Porto Carras GRE"]
[Date "2010.10.22"]
[Round "3.10"]
[White "Gabuzyan, Hovhannes"]
[Black "Muskardin, Mario"]
[Result "1/2-1/2"]
[WhiteElo "2261"]
[BlackElo "2138"]
[WhiteFideId "13303732"]
[BlackFideId "14518180"]
[EventDate "2010.10.20"]

1. Nf3 Nf6 2. g3 g6 3. Bg2 Bg7 4. O-O d5 5. c4 c6 6. d4 O-O 7. Nbd2 Ne4 8. Qb3
f5 9. cxd5 cxd5 10. Ne5 Nc6 11. Nxc6 bxc6 12. Nxe4 fxe4 13. Bxe4 Bh3 14. Bg2
Bxg2 15. Kxg2 Bxd4 16. Bh6 Rf5 17. Rad1 Qb6 18. e4 Re5 19. Qd3 c5 20. exd5 g5
21. d6 Qxd6 22. f4 Qc6+ 23. Qf3 Re2+ 24. Kh1 Qxf3+ 25. Rxf3 g4 26. Rb3 Rxb2 27.
Rxb2 Bxb2 28. Rd7 Bd4 29. h3 gxh3 30. Kh2 Kf7 31. Bg5 Re8 32. Rxa7 c4 33. Rc7 c3
34. f5 h6 35. Bf4 Ra8 36. Kxh3 Ra5 37. Kg4 Rc5 38. Rxc5 Bxc5 39. Bc1 e5 40.
fxe6+ Kxe6 1/2-1/2

[Event "WY Boys-U16"]
[Site "Porto Carras GRE"]
[Date "2010.10.22"]
[Round "3.11"]
[White "Moussard, Jules"]
[Black "Neves, Pedro"]
[Result "1-0"]
[WhiteTitle "FM"]
[WhiteElo "2423"]
[BlackElo "2134"]
[WhiteFideId "642908"]
[BlackFideId "1905554"]
[EventDate "2010.10.20"]

1. e4 c5 2. Nf3 g6 3. d4 cxd4 4. Qxd4 Nf6 5. e5 Nc6 6. Qa4 Nd5 7. Qe4 Ndb4 8.
Bb5 Bg7 9. O-O Qa5 10. Nc3 O-O 11. a3 d5 12. exd6 Bf5 13. axb4 Qxa1 14. Qh4 e6
15. Ng5 h6 16. Nge4 Bxe4 17. Nxe4 f5 18. Nc5 g5 19. Qc4 Nd4 20. Nxe6 Nxe6 21.
Qxe6+ Kh7 22. Bd3 Rf6 23. Bxf5+ Kh8 24. Qd5 Qa6 25. d7 Qd6 26. Qxd6 Rxd6 27. h4
Rf8 28. g4 gxh4 29. Kg2 h5 30. Kh3 hxg4+ 31. Bxg4 Bf6 32. Re1 Kg7 33. Bf4 Rd5
34. Re8 Rf7 35. c3 Rd3+ 36. f3 a6 37. Be5 Bxe5 38. Rxe5 Rdxd7 39. Bxd7 Rxd7 40.
Kxh4 Kf6 41. Re2 Kf5 42. Kg3 b5 43. Rh2 Rd1 44. Rh6 Rg1+ 45. Kf2 Rb1 46. Rxa6
Rxb2+ 47. Ke3 Rc2 48. Kd3 Rf2 49. Rb6 Rxf3+ 50. Kc2 Ke5 51. Rxb5+ Kd6 52. Kb3
Kc6 53. Rg5 Rf1 54. Rg6+ Kb7 55. c4 Ra1 56. c5 Kc7 57. Kc4 Rc1+ 58. Kb5 1-0